| 000 | 00867nam a22002657a 4500 | ||
|---|---|---|---|
| 999 |
_c553 _d553 |
||
| 001 | 002159 | ||
| 003 | CoMeUDC002159 | ||
| 005 | 20181218221021.0 | ||
| 008 | 130821s1987 ck gr spa | ||
| 020 | _a9586042251 | ||
| 040 |
_aCo-BoUCM _bspa _cCoMeUDC |
||
| 041 | _aspa | ||
| 082 | 0 | 4 |
_a346.06 _bA465c |
| 100 | 1 | _aAltavilla, Enrico | |
| 245 | 1 | 3 |
_aLa culpa el delito culposo, sus repercusiones civiles, su análisis sicologico / _cEnrico Altavilla. |
| 260 |
_aBogotá (Colombia) : _bTemis, _c1956. |
||
| 300 | _axxiii, 483 páginas | ||
| 504 | _aIncluye bibliografia: p. 433-465 | ||
| 650 | 0 | 4 |
_aCulpa jurídica _zColombia _912368 |
| 650 | 0 | 4 |
_aDelitos _zColombia _912564 |
| 650 | 0 | 4 |
_aDerecho penal _912805 |
| 650 | 0 | 4 |
_aDerecho penal _zColombia _912805 |
| 650 | 0 | 4 |
_aDolo (Derecho penal) _zColombia |
| 942 |
_cBK _a8 _e4 _mA57 _2ddc _h346.03 |
||